| 000 | 00854pam a2200241 a 4500 | ||
|---|---|---|---|
| 020 | _a0070223475 | ||
| 082 | 0 | 0 |
_a604.24 _bFRE _cL-39, P-181 |
| 100 | 1 |
_aFrench, Thomas Ewing, _93515 |
|
| 245 | 1 | 0 |
_aEngineering drawing and graphic technology / _cThomas E. French, Charles J. Vierck, Robert J. Foster. |
| 250 | _a14th ed. | ||
| 260 |
_aNew York : _bMcGraw-Hill, _cc1993. |
||
| 300 |
_ax, 745 p. : _bill. (some col.), maps ; _c26 cm. |
||
| 500 | _aIncludes index. | ||
| 526 |
_a0 _b0 _c0 _d604_240000000000000_FRE |
||
| 650 | 0 |
_aEngineering graphics. _97938 |
|
| 650 | 0 |
_aMCE _9379 |
|
| 650 | 0 | _aMechanical drawing. | |
| 700 | 1 |
_aFoster, Robert J. _940254 |
|
| 700 | 1 |
_aVierck, Charles J. _93516 |
|
| 856 | 4 | 1 | _uhttp://www.loc.gov/catdir/toc/mh021/92036219.html |
| 856 | 4 | 2 | _uhttp://www.loc.gov/catdir/description/mh022/92036219.html |
| 942 |
_2ddc _cBK |
||
| 999 |
_c544590 _d544590 |
||